El fantasma de Canterville y otros cuentos / (Registro nro. 10749)

Detalles MARC
000 -LIDER
fixed length control field 00786nam a22002657a 4500
001 - NÚMERO DE CONTROL
Identificador de número de control 0142
003 - IDENTIFICACDOR DE NÚMERO DE CONTROL
control field DO-SdBNP
005 - DATE AND TIME OF LATEST TRANSACTION
control field 20231128124557.0
007 - CAMPOS FIJOS DE DESCRIPCIÓN FÍSICA
fixed length control field 0142
008 - ELEMENTOS DE LONGITUD FIJA
fixed length control field 151005b ag 2007 00| 0 spa d
020 ## - ISBN
International Standard Book Number 9789780406747
040 ## - FUENTE DE CATALOGACIÓN
Agencia que crea de manera original el registro BPMSU
Idioma de catalogación spa
Agencia que realiza la transcripción BPMSU
082 #4 - NÚMERO DE CLASIFICACIÓN DECIMAL DE DEWEY
Classification number 823.8
Item number W671f 2007
Edition number 22
100 1# - ASIENTO PRINCIPAL -- NOMBRE PERSONAL
Nombre personal Wilde, Oscar
Fechas asociadas con el nombre 1854-1900
245 13 - MENCIÓN DE TITULO
Título El fantasma de Canterville y otros cuentos /
Mención de responsabilidad Oscar Wilde ; prólogo Jorge Accame
260 ## - PUBLICACIÓN, DISTRIBUCIÓN, ETC. (PIE DE IMPRENTA)
Lugar de publicación, distribución, etc Buenos Aires, Argentina :
Nombre del editor, distribuidor, etc. Alfaguara,
Fecha de publicación, distribución, etc 2007.
Fecha de impresión
300 ## - DESCRIPCIÓN FÍSICA
Extensión 110 p. ;
Dimensiones 19 cm.
490 0# - MENCIÓN DE SERIES
Mención de serie Serie roja
521 1# - TARGET AUDIENCE NOTE
Target audience note A partir de los 12 años
590 ## - NOTA LOCAL
Texto de la nota local Inventariado, 2023/VM
650 #4 - ENCABEZAMIENTO DE MATERIA--TEMÁTICO
Término temático o nombre geográfico como elemento de entrada Cuentos juveniles ingleses
700 1# - ASIENTO SECUNDARIO -- NOMBRE PERSONAL
Nombre personal Accame, Jorge
Mención de responsabilidad pról.
910 ## - VALIDACIÓN
Validación VMateo V. Control de calidad. BPMSU
942 ## - ADDED ENTRY ELEMENTS (KOHA)
Source of classification or shelving scheme Dewey Decimal Classification
Koha item type Libros
Existencias
Withdrawn status Lost status Source of classification or shelving scheme Damaged status Not for loan Collection code Home library Current library Date acquired Source of acquisition Total Checkouts Full call number Barcode Date last seen Price effective from Koha item type Copy number
    Dewey Decimal Classification     Colección Juvenil General Biblioteca Pública Metropolitana Salomé Ureña Biblioteca Pública Metropolitana Salomé Ureña 07/07/2016 ALFAGUARA   BPMSU CJG 823.8 W671f 2007 BPMSU16070199 07/07/2016 07/07/2016 Libros  
    Dewey Decimal Classification     Colección Juvenil General Biblioteca Pública Metropolitana Salomé Ureña Biblioteca Pública Metropolitana Salomé Ureña 07/07/2016 ALFAGUARA   BPMSU CJG 823.8 W671f 2007 BPMSU16070200 07/07/2016 07/07/2016 Libros e.2
    Dewey Decimal Classification     Colección Juvenil General Biblioteca Pública Metropolitana Salomé Ureña Biblioteca Pública Metropolitana Salomé Ureña 07/07/2016 ALFAGUARA   BPMSU CJG 823.8 W671f 2007 BPMSU16070201 07/07/2016 07/07/2016 Libros e.3